Veronica Mars Characters Quiz Stats

 Plays Quiz Updated Mar 9, 2020

Support Sporcle.
Go Orange.
Score 0/50 Timer 08:00
0 Plays Today
Actor Character % Correct
Kristen BellVeronica Mars
98.6%
Jason DohringLogan Echolls
85.5%
Enrico ColantoniKeith Mars
82%
Teddy DunnDuncan Kane
80%
Percy Daggs IIIWallace Fennel
75.3%
Ryan HansenDick Casablancas
74.6%
Tina MajorinoCindy 'Mac' Mackenzie
74.4%
Francis CapraEli 'Weevil' Navarro
73.9%
Kyle GallnerCassidy 'Beaver' Casablancas
72.6%
Amanda SeyfriedLilly Kane
69.7%
Harry HamlinAaron Echolls
62%
Chris LowellStosh 'Piz' Piznarski
60.2%
Alona TalMeg Manning
56.8%
Michael MuhneySheriff Don Lamb
51.3%
Kyle SecorJake Kane
48%
Tessa ThompsonJackie Cook
46%
Alyson HanniganTrina Echolls
45.5%
Max GreenfieldLeo D'Amato
45.3%
Krysten RitterGia Goodman
43.3%
Lisa ThornhillCeleste Kane
43.2%
Charisma CarpenterKendall Casablancas
42.8%
Julie GonzaloParker Lee
41.9%
Lisa RinnaLynn Echolls
41.7%
Amanda NoretMadison Sinclair
38.9%
Ken MarinoVinnie Van Lowe
35.9%
Actor Character % Correct
Steve GuttenbergWoody Goodman
35.5%
Aaron AshmoreTroy Vandegraff
32.9%
Erica GimpelAlicia Fennel
28.8%
Brandon HillockDeputy Sacks
28.1%
Daran NorrisCliff McCormack
27.3%
Corinne BohrerLianne Mars
26.9%
James MolinaEduardo 'Thumper' Orozco
26.6%
Brad BufandaFelix Tombs
26.6%
Ed Begley Jr.Dean Cyrus O'Dell
25.8%
Duane DanielsPrincipal Van Clemmons
24.9%
Adam RoseMax
22.2%
Ryan DevlinMercer Hayes
21.9%
James JordanTim Foyle
21.5%
Christopher B. DuncanClarence Wiedman
20.2%
Jaime Ray NewmanMindy O'Dell
19.4%
Sidney Tamiia PoitierMs. Mallory Dent
17.6%
Jeffery D. SamsTerrence Cook
17%
Jonathan ChesnerCorny
16.3%
Patrick FabianProfessor Hank Landry
16%
Chastity DotsonNish Sweeney
14.1%
David TomChip Diller
13.6%
Patrick WolffHector
12.5%
Andrew McClainMoe Flater
12.2%
Krista KalmusClaire Nordhouse
12%
Cher FerreyraFern Delgado
9.4%

From the Vault

Were They in That Movie?

by chaosBEE

Movies 4m
Not casting Samuel L. Jackson for Legally Blonde was a serious mistake.
Remove Ads.
Support Sporcle.
Get the best of Sporcle when you Go Orange. This ad-free experience offers more features, more stats, and more fun while also helping to support Sporcle. Thank you for becoming a member.

Show Comments

Extras

Top Quizzes Today


Score Distribution

Your Account Isn't Verified!

In order to create a playlist on Sporcle, you need to verify the email address you used during registration. Go to your Sporcle Settings to finish the process.

Report this User

Report this user for behavior that violates our Community Guidelines.

Details: